| 000 | 01500cam a2200373 a 4500 | ||
|---|---|---|---|
| 001 | 14429936 | ||
| 003 | LC | ||
| 005 | 20160314153224.0 | ||
| 008 | 060627s2007 nyu 000 1 eng | ||
| 010 | _a 2006048482 | ||
| 020 | _a0385340222 | ||
| 020 | _a9780385340229 | ||
| 035 | _a(OCoLC)ocm70292157 | ||
| 040 |
_aDLC _cDLC _dYDX _dBAKER _dCD5 _dVP@ _dYDXCP _dCLE _dBTCTA _dDLC |
||
| 050 | 0 | 0 |
_aPS 3569 .T33828 _b.St813s 2007 |
| 082 | 0 | 0 |
_aFIC _bSt3s 2007 |
| 100 | 1 |
_aSteel, Danielle. _919098 |
|
| 245 | 1 | 0 |
_aSisters / _cDanielle Steel. |
| 260 |
_aNew York : _bDelacorte Press, _cc2007. |
||
| 300 |
_a341 p. : _c18 cm. |
||
| 650 | 0 |
_aSisters _vFiction. _919575 |
|
| 650 | 0 |
_aModels (Persons) _vFiction. _919576 |
|
| 650 | 0 |
_aWomen television producers and directors _vFiction. _919577 |
|
| 650 | 0 |
_aWomen lawyers _vFiction. _919578 |
|
| 650 | 0 |
_aWomen art students _vFiction. _919579 |
|
| 650 | 0 |
_aFamily reunions _vFiction. _919580 |
|
| 856 | 4 | 1 |
_3Sample text _uhttp://www.loc.gov/catdir/enhancements/fy0712/2006048482-s.html |
| 856 | 4 | 2 |
_3Publisher description _uhttp://www.loc.gov/catdir/enhancements/fy0712/2006048482-d.html |
| 856 | 4 | 2 |
_3Contributor biographical information _uhttp://www.loc.gov/catdir/enhancements/fy0712/2006048482-b.html |
| 906 |
_a7 _bcbc _corignew _d1 _eocip _f20 _gy-gencatlg |
||
| 942 |
_2lcc _cBK |
||
| 999 |
_c11265 _d11265 |
||